Proceedings of the ORSA/TSS Urban Transportation Workshop August 24 - 29, 1971
Na minha lista:
| Formato: | Livro |
|---|---|
| Idioma: | inglês |
| Publicado em: |
Baltimore
Operations Research Society of America
1973
|
| Edição: | 1. ed. |
| Assuntos: | |
| Tags: |
Sem tags, seja o primeiro a adicionar uma tag!
|
MARC
| LEADER | 00000nam a2200000 4500 | ||
|---|---|---|---|
| 001 | c002007 | ||
| 005 | 20221220103626.2 | ||
| 041 | 0 | |a eng | |
| 044 | |a US | ||
| 245 | 1 | 0 | |a Proceedings of the ORSA/TSS Urban Transportation Workshop August 24 - 29, 1971 |
| 250 | |a 1. ed. | ||
| 264 | 1 | |a Baltimore |b Operations Research Society of America |c 1973 | |
| 300 | |a 119 s. | ||
| 610 | 2 | 0 | |a doprava |
| 610 | 2 | 0 | |a mestá |
| 610 | 2 | 0 | |a siete dopravné |